Normal view
MARC view
- Queens
Entry Topical Term
001 - CONTROL NUMBER
- control field: 91129
003 - CONTROL NUMBER IDENTIFIER
- control field: NUST
005 - DATE AND TIME OF LATEST TRANSACTION
- control field: 20220420140017.0
008 - FIXED-LENGTH DATA ELEMENTS
- fixed length control field: 220420|| aca||aabn | a|a d
040 ## - CATALOGING SOURCE
- Original cataloging agency: NUST
- Transcribing agency: NUST
150 ## - HEADING--TOPICAL TERM
- Topical term or geographic name entry element: Queens
- Form subdivision: Fiction
670 ## - SOURCE DATA FOUND
- Source citation: Work cat.: (NUST)0: Edghill, India. 91124, Queenmaker :, 2003.
